ბათუმის შოთა რუსთაველის სახელმწიფო უნივერსიტეტის ბიბლიოთეკა

საერთაშორისო სამართალი : (ბიბ.ჩანაწერი № 49407)

000 -ლიდერი
ფიქსირებული სიგრძის საკონტროლო ველი 01433nam a2200277Ia 4500
001 - საკონტროლო ნომერი
საკონტროლო ველი 16327
003 - საკონტროლო ნომრის იდენტიფიკატორი
საკონტროლო ველი GE_BSU
005 - ბოლო ოპერაციის თარიღი და დრო
საკონტროლო ველი 20230216101338.0
008 - ფიქსირებული სიგრძის მონაცემთა ელემენტები - ზოგადი ინფორმაცია
ფიქსირებული სიგრძის საკონტროლო ველი 181216s2010||||ge |||||||||||||| ||geo||
020 ## - წიგნის საერთაშორისო სტანდარტული ნომერი
International Standard Book Number 9789994098576
040 ## - კატალოგიზაციის წყარო
Transcribing agency GE_BSU
041 ## - ენის კოდი
Language code of text/sound track or separate title geo
080 ## - უნივერსალური ათობითი კლასიფიკაციის ინდექსი
Universal Decimal Classification number 341(075.8) ს-15
100 ## - მთავარი ჩანაწერი - პიროვნების სახელი
Personal name გასანოვი, კ.კ.
9 (RLIN) 16924
245 ## - ცნობა სათაურის შესახებ
Title საერთაშორისო სამართალი :
Remainder of title [სახელმძღვ. სტუდ., რომლებიც სწავლობენ "იურისპრუდენციის" სპეციალობით] /
Statement of responsibility, etc [კ.კ. გასანოვი, ი.ა. კუზნეცოვი, დ.ა. ნიკონოვი [და სხვ.] ; ნ. ერიაშვილის რედ.
264 ## - წარმოების, გამოცემის, დისტრიბუციის და სხვა ცნობები
გამოცემის, წარმოების, დისტრიბუციის... ადგილი თბილისი :
გამოცემის, წარმოების, დისტრიბუციის... სახელწოდება სამართლიანი საქართველო,
გამოცემის, წარმოების, დისტრიბუციის... თარიღი 2010.
300 ## - ფიზიკური აღწერა
Extent 412გვ;
Other physical details 20სმ.
653 ## - INDEX TERM--UNCONTROLLED
Uncontrolled term საერთაშორისო სამართალი
653 ## - INDEX TERM--UNCONTROLLED
Uncontrolled term სამართალი
700 ## - ADDED ENTRY--PERSONAL NAME
Personal name ნიკონოვი, დ.ა.
Relator term ავტორი
9 (RLIN) 16925
700 ## - ADDED ENTRY--PERSONAL NAME
Personal name კალამკარიანი, რ.ა.
Relator term ავტორი
9 (RLIN) 16926
700 ## - ADDED ENTRY--PERSONAL NAME
Personal name შალიაგინი, დ.დ.
Relator term ავტორი
9 (RLIN) 16927
700 ## - ADDED ENTRY--PERSONAL NAME
Personal name ერიაშვილი, ნ.
Relator term ავტორი
9 (RLIN) 3261
942 ## - ADDED ENTRY ELEMENTS (KOHA)
Koha item type წიგნი
Source of classification or shelving scheme
ეგზემპლარები
ჩამოწერის სტატუსი დაკარგული ეგზემპლარის სტატუსი კლასიფიკაციის წყარო ან თაროზე გაწყობის სქემა დაზიანების სტატუსი არ გაიცემა მუდმივი მდებარეობა (დაცვის ადგილი) ამჟამინდელი ადგილსამყოფელი თაროზე განთავსების ადგილი შეძენის თარიღი ღირებულება, შესყიდვის ნორმალური ფასი სრული შენახვის შიფრი შტრიხკოდი ბოლო ოპერაციის თარიღი ეგზემპლარის მიმდევრობითი ნომერი (კეტერი?) ფასის ძალაში შესვლის თარიღი ეგზემპლარის სახეობა საჯარო შენიშვნა
          ბათუმის შოთა რუსთაველის სახელმწიფო უნივერსიტეტის მთავარი ბიბლიოთეკა ბათუმის შოთა რუსთაველის სახელმწიფო უნივერსიტეტის მთავარი ბიბლიოთეკა წიგნსაცავი 2018-12-17 40.00 341(075.8) ს-15 40578 2018-12-17 40578 2018-12-17 წიგნი 40 ლ.